000 00803nam a22002537a 4500
999 _c11217
_d11217
003 AR-CdUCM
008 190403b ||||| |||| 00| 0 spa d
040 _aMUNICIPALIDAD PROVINCIAL DEL CUSCO
_cBIBLIOTECA MUNICIPAL DEL CUSCO
082 _aES / 373.909 /
_bN25
100 _aNarrea, Manuel
_928462
245 _aHistoria Universal 4 :
_bCuarto grado de secundaria /
260 _aLima :
_bEscuela Nueva,
300 _a302 paginas ;
_bIlustraciones, graficos, dibujos,
_c20 cm.
500 _aHistoria Universal
650 _aHistoria
_9136
650 _aUniverso
_918615
650 _aLiteratura
_983
650 _aTexto educativo
_925832
700 _aTerry J, Daniel
_928463
700 _aAlfaro L, Andres
_928464
700 _aDiaz S, Plácido
_928465
942 _2ddc
_cLIBROS
945 _apjha